Uplatňovanie nezdaniteľných častí základu dane v roku 2018
Zmeny v oblasti uplatňovania nezdaniteľných častí základu dane priniesol aj rok 2018. Počnúc týmto rokom bola zavedená nová nezdaniteľná časť základu dane vo forme preukázateľne zaplatených úhrad súvisiacich s kúpeľnou starostlivosťou a s ňou spojenými službami. Ilustračné príklady.
Salvato in:
| Autore principale: | |
|---|---|
| Natura: | Capitolo di libro |
| Lingua: | slovacco |
| Soggetti: | |
| Tags: |
Nessun Tag, puoi essere il primo ad aggiungerne!!
|
MARC
| LEADER | 00000naa a2200000 4500 | ||
|---|---|---|---|
| 001 | 0242896 | ||
| 005 | 20240502073938.3 | ||
| 041 | 0 | |a slo | |
| 044 | |a SK | ||
| 245 | 1 | 0 | |a Uplatňovanie nezdaniteľných častí základu dane v roku 2018 |c Marcela Rabatinová |
| 520 | |a Zmeny v oblasti uplatňovania nezdaniteľných častí základu dane priniesol aj rok 2018. Počnúc týmto rokom bola zavedená nová nezdaniteľná časť základu dane vo forme preukázateľne zaplatených úhrad súvisiacich s kúpeľnou starostlivosťou a s ňou spojenými službami. Ilustračné príklady. | ||
| 610 | 2 | 0 | |a dane z príjmov |
| 610 | 2 | 0 | |a daňovníci |
| 610 | 2 | 0 | |a základ dane |
| 610 | 2 | 0 | |a novelizácia |
| 610 | 2 | 0 | |a povinnosť daňová |
| 610 | 2 | 0 | |a minimum existenčné |
| 610 | 2 | 0 | |a starostlivosť kúpeľná |
| 100 | 1 | |a Rabatinová, Marcela, 1977- | |